Entreacto / (Record no. 43135)

MARC details
000 -LEADER
campo de control de longitud fija 00579nam a2200205 i 4500
001 - NÚMERO DE CONTROL
campo de control 43135
003 - IDENTIFICADOR DE NÚMERO DE CONTROL
campo de control ES-MaACL
005 - FECHA Y HORA DE LA ÚLTIMA TRANSACCIÓN
campo de control 20240505063018.0
007 - CAMPO FIJO DE DESCRIPCIÓN FÍSICA--INFORMACIÓN GENERAL
campo de control de longitud fija t|
008 - DATOS DE LONGITUD FIJA--INFORMACIÓN GENERAL
campo de control de longitud fija 030317s1957 sp ||||1| spa d
100 1# - ENTRADA PRINCIPAL--NOMBRE DE PERSONA
Nombre de persona Celaya, Gabriel,
Fechas asociadas al nombre 1911-1991
9 (RLIN) 37346
245 10 - MENCIÓN DEL TÍTULO
Título Entreacto /
Mención de responsabilidad, etc. Gabriel Celaya.
260 ## - PUBLICACIÓN, DISTRIBUCIÓN, ETC.
Lugar de publicación, distribución, etc. Madrid :
Nombre del editor, distribuidor, etc. Agora,
Fecha de publicación, distribución, etc. [1957] (
Fabricante Orbe)
300 ## - DESCRIPCIÓN FÍSICA
Extensión 102 p. ;
Dimensiones 17 cm.
490 1# - MENCIÓN DE SERIE
Mención de serie Colección Ágora ;
Designación de volumen o secuencia 13
830 0# - PUNTO DE ACCESO ADICIONAL DE SERIE-TÍTULO UNIFORME
Título uniforme Colección Ágora ;
Designación de volumen o secuencia 13
9 (RLIN) 180771
852 ## - LOCALIZACIÓN
Ubicación ES-MaACL
Número de control de estantería C-14308
Sublocalización o colección R.40214
itemnumber 44739
942 ## - ELEMENTOS DE ENTRADA SECUNDARIOS (KOHA)
Fuente del sistema de clasificación o colocación Clasificación decimal universal
Holdings
Estatus retirado Estado de pérdida Estado de daño No para préstamo Biblioteca de origen Biblioteca actual Ubicación en estantería Fecha de adquisición Fuente de adquisición Total de préstamos Signatura topográfica completa Código de barras Visto por última vez Precio de reemplazo Tipo de ítem Koha
        Biblioteca del Ateneo de Madrid Biblioteca del Ateneo de Madrid Sala Palomar 17/01/2008     C-14308 1045403 23/02/2023 23/02/2023 Libro impreso